Characters from Friday Night Lights (TV) Quiz Stats

 Plays Quiz not verified by Sporcle

Challenge
Share
Tweet
Embed
Score 0/15 Timer 06:00
0 Plays Today
Actor/Actress Character % Correct
Kyle ChandlerCoach Eric Taylor
98.5%
Taylor KitschTim Riggins
96.9%
Zach GilfordMatt Saracen
96.8%
Minka KellyLyla Garrity
94.9%
Aimee TeegardenJulie Taylor
91.2%
Gaius CharlesBrian 'Smash' Williams
90.7%
Adrianne PalickiTyra Collette
87.7%
Jesse PlemonsLandry Clarke
87.5%
Actor/Actress Character % Correct
Connie BrittonTami Taylor
87%
Scott PorterJason Street
86.1%
Brad LelandBuddy Garrity
81%
Derek PhillipsBilly Riggins
65.4%
Jeremy SumpterJD McCoy
51.2%
Blue DeckertMac Macgill
33.4%
Kevin RankinHerc
16.5%

You're not logged in!

Compare scores with friends on all Sporcle quizzes.
Join for Free
OR
Log In

You Might Also Like...

Show Comments

Extras

Top Quizzes Today


Score Distribution

Your Account Isn't Verified!

In order to create a playlist on Sporcle, you need to verify the email address you used during registration. Go to your Sporcle Settings to finish the process.

Report this User

Report this user for behavior that violates our Community Guidelines.

Details: